| 000 | 00461nam a2200181Ia 4500 | ||
|---|---|---|---|
| 005 | 20250423101024.0 | ||
| 008 | 250422s9999 xx 000 0 und d | ||
| 020 | _a97801032455426 | ||
| 050 | _aHD 38.5 .S77/ | ||
| 100 | _aCantone, Luigi | ||
| 245 | 0 | _aStrategic outsourcing, innovation and global supply chains | |
| 260 | _aLondon | ||
| 260 | _bRoutledge | ||
| 260 | _c2023 | ||
| 300 | _axi, 226p.: ill. | ||
| 650 | _aBusiness logistics. | ||
| 942 | _cBK | ||
| 999 |
_c35047 _d35047 |
||